Stolice Europy - Quiz na mapie - Statystyki

Ogólne statystyki
  • Ten quiz został rozwiązany 162 razy
  • Średni wynik to 27 z 45
Odpowiedzi na mapie
Odpowiedzi zakodowano w zielono-czerwonej skali na mapie do tego quizu, zgodnie z poniższymi procentami.
 
Statystyki odpowiedzi
Odpowiedź % Poprawnych
Madryt
83%
Berlin
81%
Dublin
81%
Lizbona
81%
Londyn
80%
Paryż
80%
Warszawa
78%
Amsterdam
77%
Reykjavík
75%
Bruksela
73%
Andora
71%
Luksemburg
71%
Praga
71%
Monako
69%
Wiedeń
66%
Moskwa
64%
Bratysława
62%
Ateny
61%
Berno
61%
Kijów
61%
Oslo
60%
Budapeszt
59%
Mińsk
59%
San Marino
59%
Watykan
59%
Valletta
58%
Kopenhaga
57%
Wilno
56%
Helsinki
54%
Sztokholm
54%
Ryga
52%
Tallinn
52%
Bukareszt
50%
Zagrzeb
50%
Vaduz
49%
Rzym
48%
Sofia
47%
Kiszyniów
44%
Sarajewo
43%
Lublana
42%
Belgrad
40%
Tirana
40%
Podgorica
39%
Prisztina
39%
Skopje
39%
Nie znaleziono quizów pasujących do podanych kryteriów
Rozkład punktacji
Procent ludzi z każdym wynikiem
Percentyl według liczby udzielonych odpowiedzi
Twoja historia wyników
Nie rozwiązałeś tego quizu